000 00357nam a2200121Ia 4500
008 230627s9999 xx 000 0 und d
020 _a81-7534-384-2
041 _amar
082 _a342
_bRAO
100 _aRao B. Shiva ,
245 _aFraming Of Indias Constitution :select Documents V.5
260 _aNew Delhi
_bUniversal Law Publishing Co. Pvt. Ltd.
_c1968
999 _c687462
_d687462